Fundamentals of discrete mathematical structures (Record no. 367)
[ view plain ]
| 000 -LEADER | |
|---|---|
| fixed length control field | 00442 a2200169 4500 |
| 001 - CONTROL NUMBER | |
| control field | 066203 |
| 003 - CONTROL NUMBER IDENTIFIER | |
| control field | OSt |
| 005 - DATE AND TIME OF LATEST TRANSACTION | |
| control field | 20210915152752.0 |
| 008 - FIXED-LENGTH DATA ELEMENTS--GENERAL INFORMATION | |
| fixed length control field | |
| 082 ## - DEWEY DECIMAL CLASSIFICATION NUMBER | |
| Classification number | 512.02 |
| Item number | C45F |
| 100 1# - MAIN ENTRY--PERSONAL NAME | |
| Personal name | Chowdhary, K.R. |
| 245 1# - TITLE STATEMENT | |
| Title | Fundamentals of discrete mathematical structures |
| Statement of responsibility, etc | by K.R. Chowdhary |
| 260 ## - PUBLICATION, DISTRIBUTION, ETC. (IMPRINT) | |
| Place of publication, distribution, etc | New Delhi |
| Name of publisher, distributor, etc | PHI |
| Date of publication, distribution, etc | 2008 |
| 300 ## - PHYSICAL DESCRIPTION | |
| Extent | 273p. |
| 690 ## - LOCAL SUBJECT ADDED ENTRY--TOPICAL TERM (OCLC, RLIN) | |
| Topical term or geographic name as entry element | Computer science--Mathematics |
| 942 ## - ADDED ENTRY ELEMENTS (KOHA) | |
| Source of classification or shelving scheme | Dewey Decimal Classification |
| Koha item type | Books |
| Withdrawn status | Lost status | Damaged status | Not for loan | Collection code | Home library | Current library | Date acquired | Source of acquisition | Cost, normal purchase price | Full call number | Barcode | Date last seen | Price effective from | Koha item type |
|---|---|---|---|---|---|---|---|---|---|---|---|---|---|---|
| General Text Book | Central University Of Rajasthan | Central University Of Rajasthan | 07/03/2012 | MTH | 250.00 | 512.02 C45F | 491 | 21/11/2024 | 02/09/2020 | Books | ||||
| General Text Book | Central University Of Rajasthan | Central University Of Rajasthan | 07/03/2012 | MTH | 250.00 | 512.02 C45F | 490 | 21/11/2024 | 02/09/2020 | Books | ||||
| General Text Book | Central University Of Rajasthan | Central University Of Rajasthan | 07/03/2012 | MTH | 250.00 | 512.02 C45F | 489 | 21/11/2024 | 02/09/2020 | Books |
